传统佛教八宝与道教八宝 - Statistics

General Stats
  • This quiz has been taken 10 times
  • The average score is 7 of 16
Answer Stats
类别 法宝名称 % Correct
佛教八宝 法轮
71%
道教八宝 葫芦
71%
佛教八宝 法螺
57%
佛教八宝 莲花
57%
道教八宝 宝剑
57%
道教八宝 荷花
57%
佛教八宝 宝伞
43%
佛教八宝 白盖
43%
道教八宝 玉板
43%
道教八宝 花篮
43%
道教八宝 笛子
43%
佛教八宝 双鱼
29%
佛教八宝 盘长
29%
道教八宝 扇子
29%
道教八宝 渔鼓
29%
佛教八宝 宝瓶
14%
No matching quizzes found
Score Distribution
Percent of People with Each Score
Percentile by Number Answered
Your Score History
You have not taken this quiz